Catálogo
 En Linea

La bella Molinete : (Registro nro. 34648)

Detalles MARC
000 -CABECERA
campo de control de longitud fija 00681nam a2200157 a 4500
001 - NÚMERO DE CONTROL
campo de control 000035157
005 - FECHA Y HORA DE LA ÚLTIMA TRANSACCIÓN
campo de control 20200930074136.0
008 - DATOS DE LONGITUD FIJA--INFORMACIÓN GENERAL
campo de control de longitud fija 111025s1908 sp 000 0 spa d
040 ## - FUENTE DE LA CATALOGACIÓN
Centro catalogador/agencia de origen DO-SdBNP
100 1# - ENTRADA PRINCIPAL--NOMBRE DE PERSONA
Nombre de persona Calleja, Rafael
9 (RLIN) 60877
245 13 - MENCIÓN DE TÍTULO
Título La bella Molinete :
Resto del título juguete cómico lírico en un acto /
Medio Música impresa]
Mención de responsabilidad, etc. Rafael Calleja ; letra de Ventura de la Vega ; música del maestro Calleja.
260 ## - PUBLICACIÓN, DISTRIBUCIÓN, ETC.
Lugar de publicación, distribución, etc. Madrid :
Nombre del editor, distribuidor, etc. Sociedad de Autotores Esapañoles,
Fecha de publicación, distribución, etc. 1908.
300 ## - DESCRIPCIÓN FÍSICA
Extensión 36 p. ;
Dimensiones 22 cm.
533 ## - NOTA DE REPRODUCCIÓN
Tipo de reproducción La bella Molinete : juguete cómico lírico en un acto
Lugar de la reproducción Madrid (imp. de los Hijos de M. G. Hernández)
Institución responsable de la reproducción 1908
700 1# - PUNTO DE ACCESO ADICIONAL--NOMBRE DE PERSONA
Nombre de persona Vega, Ventura de la,
Fechas asociadas al nombre (1807-1865.)
Término indicativo de función/relación mus.
9 (RLIN) 60878
Existencias
Estado de retiro Estado de pérdida Restricciones de uso No para préstamo Código de colección Localización permanente Ubicación/localización actual Ubicación en estantería Fecha de adquisición Número de inventario Total de préstamos Signatura topográfica completa Código de barras Fecha visto por última vez Precio válido a partir de Tipo de ítem Koha
      Excluido de préstamo Monografías: Libros y Folletos General General Depósito 25.10.2011 LF1   35157-10 25.06.2020 25.06.2020 No se presta

Con tecnología Koha